000 00680nam a2200241 a 4500
999 _c5082
_d5082
001 5082
003 BD-JhCC
005 20171207193736.0
008 171207s1965 mau||||| b||| 000 0 eng d
035 _a(BD-JhCC)5082
040 _aBD-JhCC
_dBD-JhCC
041 _aeng
082 _a330
_bULM 1965
100 _aUlmer, Melville J
245 _aEconomics :
_bTheory and Praactice /
_cMelville J. Ulmer ... [et. all].
250 _a2nd Edi.
260 _aBoston :
_bHoughton Mifflin Company,
_c1965.
300 _a vi, 215 p. :
_c24 cm
504 _aIncludes Bibliographical Reference.
650 _aEconomics
_xStudy and teaching (Higher)
942 _2ddc
_cBK